000 00616nam a2200181Ia 4500
003 GCL
008 140319s9999 xx 000 0 ara d
040 _aGCL /
_cGCL
082 0 4 _a843.03
_bف م
100 1 _aمحمد مندور
245 1 0 _aمدام بوفارى: الجزء الثانى (هدية من الاديب عبدالفتاح الجمل) /
_cمحمد مندور
700 1 _aفلوبير غوستاف
300 _a242 ص
490 _aروايات الهلال
_v0
650 0 4 _aالادب الفرنسى المترجم
650 0 4 _aالقصص الفرنسية المترجمة
942 _2ddc
_cBK
999 _c47007
_d47007